<?xml version="1.0" encoding="UTF-8"?>
<record
    xmlns:xsi="http://www.w3.org/2001/XMLSchema-instance"
    xsi:schemaLocation="http://www.loc.gov/MARC21/slim http://www.loc.gov/standards/marcxml/schema/MARC21slim.xsd"
    xmlns="http://www.loc.gov/MARC21/slim">

  <leader>00296nam a22001337a 4500</leader>
  <datafield tag="020" ind1=" " ind2=" ">
    <subfield code="a">8176491705</subfield>
  </datafield>
  <datafield tag="082" ind1=" " ind2=" ">
    <subfield code="a">547 PAT</subfield>
  </datafield>
  <datafield tag="100" ind1=" " ind2=" ">
    <subfield code="a">Patrick,G.L</subfield>
  </datafield>
  <datafield tag="245" ind1=" " ind2=" ">
    <subfield code="a">Instant Notes Organic Chemistry</subfield>
  </datafield>
  <datafield tag="260" ind1=" " ind2=" ">
    <subfield code="a">India</subfield>
    <subfield code="b">Viva</subfield>
    <subfield code="c">2000</subfield>
  </datafield>
  <datafield tag="300" ind1=" " ind2=" ">
    <subfield code="a">315</subfield>
  </datafield>
  <datafield tag="650" ind1=" " ind2=" ">
    <subfield code="a">chemistry</subfield>
    <subfield code="a">organic chemistry</subfield>
  </datafield>
  <datafield tag="942" ind1=" " ind2=" ">
    <subfield code="c">BK</subfield>
  </datafield>
  <datafield tag="999" ind1=" " ind2=" ">
    <subfield code="c">236</subfield>
    <subfield code="d">236</subfield>
  </datafield>
  <datafield tag="952" ind1=" " ind2=" ">
    <subfield code="0">0</subfield>
    <subfield code="1">0</subfield>
    <subfield code="7">0</subfield>
    <subfield code="8">NFIC</subfield>
    <subfield code="a">IC</subfield>
    <subfield code="b">IC</subfield>
    <subfield code="c">GEN</subfield>
    <subfield code="d">2015-02-23</subfield>
    <subfield code="g">526.00</subfield>
    <subfield code="l">34</subfield>
    <subfield code="m">7</subfield>
    <subfield code="o">547 PAT</subfield>
    <subfield code="p">004648</subfield>
    <subfield code="r">2025-11-04 15:16:18</subfield>
    <subfield code="s">2025-10-29</subfield>
    <subfield code="w">2015-02-23</subfield>
    <subfield code="y">BK</subfield>
  </datafield>
  <datafield tag="952" ind1=" " ind2=" ">
    <subfield code="0">0</subfield>
    <subfield code="1">0</subfield>
    <subfield code="7">0</subfield>
    <subfield code="8">NFIC</subfield>
    <subfield code="a">IC</subfield>
    <subfield code="b">IC</subfield>
    <subfield code="c">GEN</subfield>
    <subfield code="d">2015-02-23</subfield>
    <subfield code="g">423.00</subfield>
    <subfield code="l">27</subfield>
    <subfield code="m">6</subfield>
    <subfield code="o">547 PAT</subfield>
    <subfield code="p">004244</subfield>
    <subfield code="r">2026-06-06 06:40:23</subfield>
    <subfield code="s">2026-05-15</subfield>
    <subfield code="w">2015-02-23</subfield>
    <subfield code="y">BK</subfield>
  </datafield>
  <datafield tag="952" ind1=" " ind2=" ">
    <subfield code="0">0</subfield>
    <subfield code="1">0</subfield>
    <subfield code="7">0</subfield>
    <subfield code="8">NFIC</subfield>
    <subfield code="a">IC</subfield>
    <subfield code="b">IC</subfield>
    <subfield code="c">GEN</subfield>
    <subfield code="d">2015-02-23</subfield>
    <subfield code="g">423.00</subfield>
    <subfield code="l">31</subfield>
    <subfield code="m">5</subfield>
    <subfield code="o">547 PAT</subfield>
    <subfield code="p">004242</subfield>
    <subfield code="r">2025-10-22 12:18:26</subfield>
    <subfield code="s">2025-10-08</subfield>
    <subfield code="w">2015-02-23</subfield>
    <subfield code="y">BK</subfield>
  </datafield>
  <datafield tag="952" ind1=" " ind2=" ">
    <subfield code="0">0</subfield>
    <subfield code="1">0</subfield>
    <subfield code="7">0</subfield>
    <subfield code="8">NFIC</subfield>
    <subfield code="a">IC</subfield>
    <subfield code="b">MLCampus</subfield>
    <subfield code="c">GEN</subfield>
    <subfield code="d">2015-02-23</subfield>
    <subfield code="g">423.00</subfield>
    <subfield code="l">39</subfield>
    <subfield code="m">6</subfield>
    <subfield code="o">547 PAT</subfield>
    <subfield code="p">004671</subfield>
    <subfield code="q">2026-05-14</subfield>
    <subfield code="r">2026-04-30 07:09:38</subfield>
    <subfield code="s">2026-04-30</subfield>
    <subfield code="w">2015-02-23</subfield>
    <subfield code="y">BK</subfield>
  </datafield>
  <datafield tag="952" ind1=" " ind2=" ">
    <subfield code="0">0</subfield>
    <subfield code="1">0</subfield>
    <subfield code="7">0</subfield>
    <subfield code="8">NFIC</subfield>
    <subfield code="a">IC</subfield>
    <subfield code="b">IC</subfield>
    <subfield code="c">GEN</subfield>
    <subfield code="d">2015-02-23</subfield>
    <subfield code="g">423.00</subfield>
    <subfield code="l">0</subfield>
    <subfield code="o">547 PAT</subfield>
    <subfield code="p">003807</subfield>
    <subfield code="r">2015-02-23 00:00:00</subfield>
    <subfield code="w">2015-02-23</subfield>
    <subfield code="y">REF</subfield>
  </datafield>
  <datafield tag="952" ind1=" " ind2=" ">
    <subfield code="0">0</subfield>
    <subfield code="1">0</subfield>
    <subfield code="7">0</subfield>
    <subfield code="8">NFIC</subfield>
    <subfield code="a">IC</subfield>
    <subfield code="b">IC</subfield>
    <subfield code="c">GEN</subfield>
    <subfield code="d">2015-02-23</subfield>
    <subfield code="g">461.00</subfield>
    <subfield code="l">3</subfield>
    <subfield code="o">547 PAT</subfield>
    <subfield code="p">004245</subfield>
    <subfield code="r">2025-10-24 15:40:23</subfield>
    <subfield code="s">2025-10-09</subfield>
    <subfield code="w">2015-02-23</subfield>
    <subfield code="y">BK</subfield>
  </datafield>
  <datafield tag="952" ind1=" " ind2=" ">
    <subfield code="0">0</subfield>
    <subfield code="1">0</subfield>
    <subfield code="7">0</subfield>
    <subfield code="8">NFIC</subfield>
    <subfield code="a">IC</subfield>
    <subfield code="b">IC</subfield>
    <subfield code="c">GEN</subfield>
    <subfield code="d">2015-02-23</subfield>
    <subfield code="g">423.00</subfield>
    <subfield code="l">0</subfield>
    <subfield code="o">547 PAT</subfield>
    <subfield code="p">004670</subfield>
    <subfield code="r">2015-02-23 00:00:00</subfield>
    <subfield code="w">2015-02-23</subfield>
    <subfield code="y">REF</subfield>
  </datafield>
</record>
